000 00378nam a2200169Ia 4500
008 210210b1962 xxu||||| |||| 00| 0 eng d
041 _aeng
082 _a829/1022
100 _aSTEINBECK (John)
245 _aGrapes of wrath
260 _aLondon
_bHeinemann
_c1962
650 _awrath
650 _aof
650 _aGrapes
690 _aEnglish Fiction
906 _a017637
999 _c137621
_d137621